Papežové moderního věku

Saved in:
Bibliographic Details
Main Author Šebek, Jaroslav
Format Electronic eBook
LanguageCzech
Published Čas 2014
Edition1. elektronické vydání
Subjects
Online AccessDostupné v BOOKPORT po přihlášení pomocí eduID
ISBN978-80-7475-061-8
978-80-7475-060-1
Physical Description1 online zdroj (240 stran)

Cover

LEADER 00000nam a2200000 i 4500
001 bkp464820873
003 CZ-prgp
005 20180726130148.0
006 m o d
007 cr cn
008 180726s2014 xr o 000 0 cze
020 |a 978-80-7475-061-8  |c 149 Kč  |q (online ; epub) 
020 |a 978-80-7475-060-1  |c 281 Kč  |q (print) 
040 |a Grada  |b cze  |e rda 
100 1 |a Šebek, Jaroslav 
245 1 0 |a Papežové moderního věku  |c Jaroslav Šebek 
250 |a 1. elektronické vydání 
264 1 |b Čas  |c 2014 
300 |a 1 online zdroj (240 stran) 
336 |a text  |b txt  |2 rdacontent 
337 |a počítač  |b c  |2 rdamedia 
338 |a online zdroj  |b cr  |2 rdacarrier 
520 3 |a Publikace známého historika Jaroslava Šebka představuje působení a odkaz pontifiků, kteří vstoupili do dění ve dvacátém století a na počátku třetího tisíciletí. Do výběru jsou zahrnuti i dva papežové, kteří svůj úřad sice zastávali ještě v předminulém století (Pius IX. a Lev XIII.), avšak důsledky jejich politiky se promítaly i do věku následujícího. Dvacáté století a současnost jsou zajímavé z hlediska postupné proměny papežů coby monarchů do jejich podoby pastýřské. Navíc nám poslední léta nabídla ojedinělý historický úkaz, kdy se v hektickém tempu odehrávají viditelné změny přímo před našima očima. Před rokem začala psát novou kapitolu moderního papežství dobrovolná rezignace Benedikta XVI. Jeho odstoupení dalo do pohybu bez nadsázky revoluční vývoj, když u kormidla Petrovy lodičky stanul jako jeho nástupce František, papež v mnoha ohledech nevšední. Přestože od jeho volby uplynul jen rok a půl, je už nade vši pochybnost zřejmé, že jeho pontifikát ovlivní i jeho nástupce. X. svazek Edice Český ČAS představuje moderní papeže především ve vztahu k dění v evropské katolické církvi. Podstatnou součástí jsou však i kapitoly, zabývající se vztahem Vatikánu a jednotlivých pontifiků k českým zemím. Originální pohled v tomto směru přinášejí zejména materiály z Tajného vatikánského archivu a Historického archivu Státního sekretariátu, které doposud nebyly v české reflexi vztahů s papežstvím příliš zohledněny. Kniha tak přináší nejen obecné, přehledně setříděné informace, ale také nové poznatky a překvapivé souvislosti, díky čemuž poskytne poučení a podněty k zamyšlení jak odborné, tak i široké veřejnosti. 
650 0 4 |a Dějiny 
856 4 0 |u https://www.bookport.cz/AccountSaml/SignIn/?idp=https://shibboleth.utb.cz/idp/shibboleth&returnUrl=/kniha/papezove-moderniho-veku-4553/  |y Dostupné v BOOKPORT po přihlášení pomocí eduID